000 00580cam a22002053a 4500
001 41219
003 PGUSA
005 20140828083929.0
008 121029s2012||||xxu|||||s|||||000 | eng d
040 _aPGUSA
_beng
042 _adc
100 1 _aForeman, Samuel Eagle
245 1 0 _aStories of Useful Inventions
_h[electronic resource] /
_cSamuel Eagle Foreman
260 _bProject Gutenberg,
_c2012
506 _aPublic domain in the USA.
516 _aElectronic text
830 0 _aProject Gutenberg
_v41219
856 4 0 _uhttp://www.gutenberg.org/ebooks/41219
942 _cEB
999 _c270471
_d270471